000
00257nam a22001097a 4500
041
_a
ENG
245
_a
Solar Energy Fundamentals In Buliding Design
260
_a
New York
_b
McGrw-Hill Book
_c
1994
300
_a
374
650
_a
EOES (12)
856
_u
EOES (12)
999
_c
2714
_d
2714